[Event "AUTO-ADV-4910"]
[Site "http://www.queenalice.com/game.php?id=1867369"]
[Date "2025.12.27"]
[Round "1"]
[White "maurice916"]
[Black "carlitomontana93270"]
[Result "0-1"]
[WhiteElo "2068"]
[BlackElo "1923"]

1. Nf3 c5 2. b3 d5 3. Bb2 Bg4 4. e3 e6 5. Be2 Nf6 6. O-O g6 7. d4 cxd4 8. Bxd4
Bg7 9. Nbd2 O-O 10. Rb1 Nc6 11. Ba1 Qc7 12. h3 Bxf3 13. Nxf3 Rfe8 14. c4 dxc4
15. Bxc4 Rad8 16. Qe2 Nd7 17. Bxg7 Kxg7 18. Qb2+ Kg8 19. Rbc1 Qb6 20. Rfd1 Nde5
21. Nxe5 Nxe5 22. Qxe5 Qa5 23. a4 Qxe5 24. Re1 Rd2 25. Rf1 Red8 26. Rfe1 Qf5 27.
Rf1 a6 28. g4 Qf3 29. Kh2 Rxf2+ 30. Rxf2 Qxf2+ 0-1

[Event "AUTO-ADV-4910"]
[Site "http://www.queenalice.com/game.php?id=1867392"]
[Date "2025.12.27"]
[Round "1"]
[White "maurice916"]
[Black "SGF"]
[Result "1-0"]
[WhiteElo "2075"]
[BlackElo "1715"]

1. Nf3 f6 2. b3 e5 3. d3 Bb4+ 4. c3 Ba5 5. Bb2 d5 6. Qc2 Ne7 7. h3 Nbc6 8. e3 g5
9. Be2 h5 10. Nbd2 Kf7 11. O-O g4 12. Nh4 b5 13. d4 e4 14. Bxb5 gxh3 15. f3 hxg2
16. Nxg2 h4 17. fxe4 Rg8 18. e5 f5 19. Kh2 a6 20. Bxc6 Ra7 21. Ba3 Nxc6 22.
Rxf5+ Bxf5 23. Qxf5+ Ke8 24. Qe6+ Ne7 25. Bxe7 Qxe7 26. Qxg8+ Kd7 27. Qg4+ Kd8
28. Nf3 Bxc3 29. Rf1 Qa3 30. Qxh4+ Kc8 31. Ng5 Qxa2 32. Ne6 Qxb3 33. Qd8+ Kb7
34. Qxc7+ Ka8 35. Rf8+ Qb8 36. Qxb8# 1-0

[Event "AUTO-ADV-4910"]
[Site "http://www.queenalice.com/game.php?id=1867393"]
[Date "2025.12.27"]
[Round "1"]
[White "SGF"]
[Black "maurice916"]
[Result "0-1"]
[WhiteElo "1723"]
[BlackElo "1904"]

1. e4 c6 2. Qf3 d5 3. exd5 cxd5 4. Bb5+ Nc6 5. d4 Nf6 6. c3 e6 7. Bg5 Be7 8. h4
Bd7 9. Nd2 Qb6 10. a4 h6 11. Bxf6 Bxf6 12. Ne2 O-O 13. g4 a6 14. Bxc6 bxc6 15.
b3 e5 16. g5 hxg5 17. hxg5 Bxg5 18. Qh5 Bh6 19. Rg1 Kh8 20. dxe5 Be6 21. Nd4 c5
22. N4f3 d4 23. c4 Qb4 24. Kf1 Qc3 25. Rb1 Rab8 26. a5 Qd3+ 27. Kg2 Kg8 28. Kh1
Bxd2 29. Nxd2 Qxd2 30. Rg2 Qd3 31. Rh2 Qxb1+ 32. Kg2 Qg6+ 33. Qxg6 fxg6 34. Kg3
Rxb3+ 35. f3 Bxc4 36. Kg4 Rbxf3 37. Rc2 Rc3 38. Rb2 Be6+ 39. Kg5 Rg3+ 40. Kh4
Rg4+ 41. Kh3 Re4+ 42. Kg3 c4 43. Rb6 Re3+ 44. Kg2 Bc8 45. Rxg6 c3 46. Rc6 Bb7
47. Kh2 Bxc6 48. Kg1 c2 49. Kh2 Rf2+ 50. Kg1 Ree2 51. e6 c1=Q# 0-1

[Event "AUTO-OPEN-4632"]
[Site "http://www.queenalice.com/game.php?id=1867421"]
[Date "2025.12.29"]
[Round "1"]
[White "maurice916"]
[Black "pizzaiolo72"]
[Result "0-1"]
[WhiteElo "1904"]
[BlackElo "2144"]

1. Nf3 g6 2. d4 Bg7 3. e4 d6 4. Bd3 Nf6 5. h3 c5 6. c3 O-O 7. Be3 cxd4 8. cxd4
Nc6 9. O-O e6 10. a3 Qe7 11. Nc3 Bd7 12. b4 a6 13. Qe2 Rfc8 14. Rac1 b5 15. d5
exd5 16. exd5 Ne5 17. Nxe5 Qxe5 18. Bd2 Qxe2 19. Bxe2 h5 20. Bf3 Rc4 21. Be2 Rc7
22. Bf3 a5 23. Nb1 Rxc1 24. Rxc1 axb4 25. Bxb4 Ne8 26. Re1 Be5 27. Be2 Nc7 28.
Rd1 Na6 29. Be1 Nc5 30. Bb4 Re8 31. Kf1 h4 32. Nc3 Bxc3 33. Bxc3 g5 34. Bf3 Kh7
35. Bh5 Ne4 36. Bd4 Rf8 37. Bf3 f5 38. Rc1 Rc8 39. Rxc8 Bxc8 40. Be2 Bd7 41. Bd3
Kg6 42. f3 Nc5 43. Be2 Kh5 44. f4+ g4 45. Ke1 Nb3 46. Bb2 Nc5 47. hxg4+ fxg4 48.
Kd2 Ne4+ 49. Ke1 Ng3 50. Bd1 Bf5 51. Bc3 Be4 52. Bb4 Bxg2 53. Bxd6 Bxd5 54. Bc5
Ne4 55. Bd4 h3 56. Bg1 Kh4 57. Bc2 g3 58. Bxe4 Bxe4 59. Ke2 h2 60. Bxh2 gxh2 0-1

[Event "AUTO-OPEN-4632"]
[Site "http://www.queenalice.com/game.php?id=1867422"]
[Date "2025.12.29"]
[Round "1"]
[White "pizzaiolo72"]
[Black "maurice916"]
[Result "1-0"]
[WhiteElo "2108"]
[BlackElo "1915"]

1. e4 c6 2. d4 d5 3. Nd2 dxe4 4. Nxe4 Nf6 5. Nxf6+ exf6 6. Nf3 Bg4 7. Be2 Bd6 8.
O-O O-O 9. h3 Bh5 10. Re1 Re8 11. Be3 Nd7 12. Nh4 Bxe2 13. Qxe2 Nf8 14. Qg4 Ng6
15. Nf5 Bf8 16. h4 Kh8 17. h5 Ne7 18. Nxe7 Bxe7 19. Rad1 Qc8 20. Qxc8 Raxc8 21.
c4 Bb4 22. Bd2 Bxd2 23. Rxe8+ Rxe8 24. Rxd2 h6 25. g4 Re7 26. Kg2 g6 27. f4 Kg7
28. Kf3 a6 29. f5 g5 30. a4 Kf8 31. b4 Ke8 32. d5 cxd5 33. Rxd5 Rc7 34. c5 Ke7
35. Ke4 Rd7 36. Kd4 Rxd5+ 37. Kxd5 Kd7 38. b5 axb5 39. axb5 Kc7 40. c6 b6 41.
Kc4 Kd6 42. Kd4 Kc7 43. Kd5 Kd8 44. Kd6 Ke8 45. Kc7 Ke7 46. Kxb6 1-0

[Event "AUTO-OPEN-4632"]
[Site "http://www.queenalice.com/game.php?id=1867423"]
[Date "2025.12.29"]
[Round "1"]
[White "maurice916"]
[Black "WHUSIRO"]
[Result "1/2-1/2"]
[WhiteElo "2015"]
[BlackElo "1965"]

1. Nf3 d5 2. b3 Nc6 3. Bb2 Bg4 4. e3 e5 5. Be2 e4 6. Nd4 Bxe2 7. Qxe2 Nf6 8.
Nxc6 bxc6 9. d3 Be7 10. Nd2 O-O 11. d4 Re8 12. O-O Qd6 13. c4 c5 14. cxd5 Qxd5
15. Nc4 Bd6 16. dxc5 Bxc5 17. Bxf6 gxf6 18. Rfd1 Qe6 19. Qb2 Bf8 20. Qe2 Bg7 21.
Rd2 Rad8 22. Rad1 Rxd2 23. Rxd2 f5 24. g3 Qe7 25. Kg2 Rd8 26. h3 h6 27. Rxd8+
Qxd8 28. Qh5 Qf6 29. g4 fxg4 30. Qxg4 Qe7 31. Qc8+ Kh7 32. Qf5+ Kg8 33. Qc8+ Kh7
34. Qf5+ Kg8 35. Qc8+ 1/2-1/2

[Event "AUTO-OPEN-4632"]
[Site "http://www.queenalice.com/game.php?id=1867425"]
[Date "2025.12.29"]
[Round "1"]
[White "maurice916"]
[Black "Magnaroc"]
[Result "0-1"]
[WhiteElo "1869"]
[BlackElo "1838"]

1. Nf3 Nf6 2. b3 g6 3. Bb2 Bg7 4. e4 d6 5. Be2 O-O 6. O-O Nxe4 7. Bxg7 Kxg7 8.
d4 Bg4 9. Nbd2 Nxd2 10. Qxd2 Bxf3 11. Bxf3 c6 12. c4 Nd7 13. d5 c5 14. Rfe1 Ne5
15. Qb2 Kg8 16. Be2 e6 17. dxe6 fxe6 18. Rad1 Qe7 19. Bf1 b6 20. b4 Rf4 21. bxc5
bxc5 22. Rxe5 dxe5 23. Qxe5 Rf5 24. Qe4 Raf8 25. f3 Rf4 26. Qe5 R4f5 27. Qc3 Rd8
28. Re1 Rf4 29. Qe3 Rfd4 30. g3 Re8 31. Bd3 Qd6 32. Bf1 Rd2 33. Qxe6+ Rxe6 0-1

[Event "AUTO-OPEN-4632"]
[Site "http://www.queenalice.com/game.php?id=1867426"]
[Date "2025.12.29"]
[Round "1"]
[White "Magnaroc"]
[Black "maurice916"]
[Result "1-0"]
[WhiteElo "1855"]
[BlackElo "1852"]

1. e4 c6 2. d4 d5 3. Nc3 dxe4 4. Nxe4 Nf6 5. Nxf6+ exf6 6. Nf3 Bg4 7. Be3 Bd6 8.
Be2 Nd7 9. h3 Bh5 10. O-O O-O 11. Nh4 Bxe2 12. Qxe2 Re8 13. Qd2 Nf8 14. Nf3 Qc7
15. b4 Ng6 16. a4 Rad8 17. Qc3 Ne7 18. Rfe1 Nf5 19. Kh1 Nxe3 20. Rxe3 Rxe3 21.
fxe3 Re8 22. Re1 Qb6 23. Rb1 a5 24. Qd2 axb4 25. Ne1 c5 26. c3 b3 27. Nd3 c4 28.
Nb2 Rd8 29. Nxc4 Qa6 30. Nxd6 Qxd6 31. Rxb3 b6 32. Qb2 Rb8 33. a5 Qe6 34. Rxb6
Re8 35. Rxe6 1-0

[Event "Challenge"]
[Site "http://www.queenalice.com/game.php?id=1867592"]
[Date "2026.1.7"]
[Round "-"]
[White "marcomasa"]
[Black "maurice916"]
[Result "1-0"]
[WhiteElo "2097"]
[BlackElo "1876"]

1. e4 c6 2. Bc4 d5 3. exd5 cxd5 4. Bb3 Nc6 5. d4 Nf6 6. Bf4 Bg4 7. Qd3 e6 8. h3
Bf5 9. Qe3 Be7 10. Nf3 h6 11. Nc3 O-O 12. g4 Bh7 13. a3 a6 14. g5 hxg5 15. Nxg5
Bg6 16. O-O-O Nh5 17. h4 Nxf4 18. Qxf4 Bd6 19. Qg4 Bf5 20. Qg2 Bf4+ 21. Kb1 f6
22. Nf3 Bh7 23. Rdg1 Bh6 24. Qg4 Bf5 25. Qg3 Qb6 26. Ka1 Nxd4 27. Nxd4 Qxd4 28.
Qc7 Rac8 29. Qxb7 e5 30. Bxd5+ Kh8 31. Bb3 Bd2 32. Qxg7# 1-0

[Event "AUTO-OPEN-4633"]
[Site "http://www.queenalice.com/game.php?id=1867747"]
[Date "2026.1.9"]
[Round "1"]
[White "maurice916"]
[Black "EdsonEstevam"]
[Result "0-1"]
[WhiteElo "1849"]
[BlackElo "1707"]

1. Nf3 Nc6 2. b3 e5 3. d3 d5 4. Bb2 d4 5. Nbd2 Nf6 6. e4 Bg4 7. Be2 Be7 8. h3
Bh5 9. g4 Bg6 10. Nh4 Qd7 11. Nf5 Bxf5 12. gxf5 g6 13. Bg4 h5 14. fxg6 hxg4 15.
gxf7+ Kxf7 16. Qe2 Rxh3 17. O-O-O Rah8 18. Rhg1 Rh2 19. Nc4 b5 20. Nd2 a5 21.
Nf1 R2h3 22. Ng3 Nh5 23. Nf5 Nb4 24. Qxg4 Nf6 25. Qg7+ Ke6 26. Nxe7 Qxe7 27. Qg6
Rh2 28. Rg2 Rxg2 29. Qxg2 Nxa2+ 30. Kb1 Nb4 31. Ba3 Qc5 32. f3 Ra8 33. f4 exf4
34. Rc1 a4 35. c3 dxc3 36. e5 axb3 37. Qxa8 Qf2 38. Rxc3 Qa2+ 39. Kc1 Nxd3+ 40.
Rxd3 Qc2# 0-1

[Event "AUTO-OPEN-4633"]
[Site "http://www.queenalice.com/game.php?id=1867748"]
[Date "2026.1.9"]
[Round "1"]
[White "EdsonEstevam"]
[Black "maurice916"]
[Result "1-0"]
[WhiteElo "1740"]
[BlackElo "1898"]

1. e4 c6 2. d4 d5 3. e5 Bf5 4. Nc3 e6 5. Nf3 h6 6. Bd2 c5 7. Bb5+ Nc6 8. Bxc6+
bxc6 9. O-O Rb8 10. dxc5 Bxc5 11. a3 Ne7 12. b4 Bb6 13. h3 O-O 14. Bf4 Rc8 15.
Qe2 c5 16. bxc5 Bxc5 17. a4 Qa5 18. Bd2 Bb4 19. Qb5 Qxb5 20. axb5 Bxc3 21. Rxa7
Ng6 22. Bxc3 Rxc3 23. b6 Rxc2 24. b7 Rb2 25. Rc1 Ne7 26. Rc7 Re8 27. Ra8 Rxb7
28. Rxe8+ 1-0

[Event "AUTO-INT-3952"]
[Site "http://www.queenalice.com/game.php?id=1867804"]
[Date "2026.1.9"]
[Round "2"]
[White "SGF"]
[Black "maurice916"]
[Result "1-0"]
[WhiteElo "1764"]
[BlackElo "1817"]

1. e4 c6 2. Qf3 d5 3. d3 dxe4 4. Qxe4 Nf6 5. Qe3 Bg4 6. f3 Bh5 7. Be2 e6 8. g4
Nd5 9. Qf2 Bg6 10. h4 h5 11. g5 Bd6 12. c4 Nb4 13. Na3 b6 14. Bd2 N4a6 15. b4
Bxb4 16. Bxb4 Nxb4 17. f4 Bxd3 18. Rd1 Qd6 19. Qe3 Qc5 20. Qxc5 Bxe2 21. Qxb4
Bxd1 22. Kxd1 c5 23. Qb2 O-O 24. Nf3 Na6 25. Nb5 Nb4 26. Ne5 Rad8+ 27. Ke2 f6
28. gxf6 Rxf6 29. Rg1 a6 30. Nc6 Nxc6 31. Qxf6 Rd7 32. Qxe6+ Rf7 33. Qxc6 axb5
34. cxb5 Rxf4 35. Qe8+ Rf8 36. Qxh5 Rf7 37. Qd5 Kf8 38. Qd6+ Kg8 39. Qxb6 c4 40.
Qd8+ Kh7 41. b6 c3 42. Qd3+ Kg8 43. h5 Re7+ 44. Kd1 Rb7 45. Qxc3 Rd7+ 46. Kc2
Kh7 47. a4 Rf7 48. a5 Rf2+ 49. Kb3 Rf7 50. a6 Kh6 51. b7 Kxh5 52. Qh3# 1-0

[Event "AUTO-INT-3952"]
[Site "http://www.queenalice.com/game.php?id=1867805"]
[Date "2026.1.9"]
[Round "2"]
[White "maurice916"]
[Black "dosoldini"]
[Result "1-0"]
[WhiteElo "1823"]
[BlackElo "1633"]

1. Nf3 d5 2. b3 Nc6 3. Bb2 e6 4. e3 a6 5. c4 Nf6 6. cxd5 exd5 7. Be2 h6 8. O-O
Bf5 9. d4 Nb4 10. Na3 Qd6 11. Qd2 Qc6 12. Rfc1 Qd6 13. Ne1 Ne4 14. Qd1 c5 15.
dxc5 Nxc5 16. Nf3 f6 17. Nd4 Bd3 18. Bf3 Qe5 19. Qd2 Bd6 20. g3 Qf5 21. Nxf5
Bxf5 22. Bxd5 Nbd3 23. Rf1 Bh3 24. Bg2 Bf5 25. Nc4 O-O-O 26. Nxd6+ Rxd6 27. Ba3
b6 28. Bxc5 Nxc5 29. Qxd6 Bd7 30. Qxb6 1-0

[Event "AUTO-INT-3952"]
[Site "http://www.queenalice.com/game.php?id=1867806"]
[Date "2026.1.9"]
[Round "2"]
[White "dosoldini"]
[Black "maurice916"]
[Result "0-1"]
[WhiteElo "1641"]
[BlackElo "2073"]

1. e4 c6 2. Nf3 d5 3. e5 Bg4 4. Be2 e6 5. a3 c5 6. Ng1 Bxe2 7. Qxe2 Nc6 8. Qb5
Qb6 9. Qa4 c4 10. c3 Bc5 11. Qc2 Bxf2+ 0-1

[Event "Challenge"]
[Site "http://www.queenalice.com/game.php?id=1867940"]
[Date "2026.1.14"]
[Round "-"]
[White "maurice916"]
[Black "marcomasa"]
[Result "0-1"]
[WhiteElo "1836"]
[BlackElo "2103"]

1. Nf3 Nc6 2. b3 e5 3. d3 Bc5 4. Bb2 d6 5. e4 Bg4 6. Be2 Nf6 7. Nbd2 Qe7 8. a3
h6 9. b4 Bb6 10. O-O g5 11. h3 Bd7 12. g4 h5 13. Nxg5 hxg4 14. Bxg4 Nxg4 15.
Nxf7 Rxh3 16. Nxd6+ cxd6 17. d4 Qh4 18. Kg2 Rh2+ 19. Kf3 Rxf2+ 0-1

[Event "AUTO-OPEN-4634"]
[Site "http://www.queenalice.com/game.php?id=1868027"]
[Date "2026.1.15"]
[Round "1"]
[White "chessman"]
[Black "maurice916"]
[Result "1/2-1/2"]
[WhiteElo "1982"]
[BlackElo "1799"]

1. e4 c6 2. d4 d5 3. e5 Bf5 4. Bd3 Bxd3 5. Qxd3 e6 6. f4 c5 7. c3 Nc6 8. Nf3 Qb6
9. O-O cxd4 10. cxd4 Nge7 11. g4 g6 12. Nc3 Bg7 13. Kh1 O-O 14. Be3 Rab8 15. Na4
Qd8 16. Nc3 a6 17. a3 Na5 18. Nd2 Rc8 19. b4 Nc4 20. Nxc4 dxc4 21. Qc2 b5 22. a4
Nd5 23. Bd2 Nxb4 24. Qe4 Nd5 25. axb5 Nxc3 26. Bxc3 axb5 27. Bb4 Re8 28. Rfb1
Qd7 29. Ra7 Qd5 30. Qxd5 exd5 31. Bd6 Bf8 32. Bxf8 Kxf8 33. Rb7 c3 34. R7xb5
Red8 35. Rc1 Rc4 36. Rb3 Rdc8 37. Kg2 Rxd4 38. Rbxc3 Rxc3 39. Rxc3 Rxf4 40. Kg3
Rc4 41. Rd3 d4 42. Kf4 Ke7 43. Ke4 Ke6 44. Rxd4 Rxd4+ 45. Kxd4 f6 46. exf6 Kxf6
47. h4 h6 48. Kd5 Ke7 49. Ke5 Kf7 50. h5 gxh5 51. gxh5 Kg7 52. Ke6 Kf8 53. Kf6
Kg8 54. Kg6 Kh8 55. Kxh6 1/2-1/2

[Event "AUTO-OPEN-4634"]
[Site "http://www.queenalice.com/game.php?id=1868028"]
[Date "2026.1.15"]
[Round "1"]
[White "maurice916"]
[Black "chessman"]
[Result "0-1"]
[WhiteElo "1827"]
[BlackElo "1988"]

1. Nf3 d5 2. b3 e6 3. Bb2 Nf6 4. e3 Be7 5. d4 O-O 6. Nbd2 c5 7. c4 cxd4 8. exd4
Nc6 9. Be2 Bb4 10. O-O Re8 11. a3 Be7 12. Ne5 a6 13. f4 Ne4 14. Ndf3 f5 15. Rc1
Bf6 16. cxd5 Qxd5 17. Bc4 Qd6 18. Nxc6 bxc6 19. Ne5 Bb7 20. Qd3 c5 21. dxc5
Qxc5+ 22. Bd4 Qxa3 23. Ra1 Qe7 24. Ra5 Red8 25. Qe3 Bd5 26. Bxd5 Rxd5 27. b4
Bxe5 28. Bxe5 Qxb4 29. Rxd5 exd5 30. Ra1 a5 31. Qd4 Qb5 32. Bxg7 Qc5 33. Be5
Qxd4+ 34. Bxd4 Rc8 35. g3 Nd2 36. Rxa5 Nf3+ 37. Kg2 Nxd4 38. Rxd5 Rc4 39. Re5
Rc2+ 40. Kh3 Rxh2+ 41. Kxh2 Nf3+ 42. Kh3 Nxe5 43. fxe5 Kf7 44. Kh4 Ke6 45. Kh5
Kxe5 46. Kg5 Ke4 47. Kf6 h5 48. Kg5 Kf3 49. Kxf5 Kxg3 50. Kg5 h4 0-1